|
|
|
|
| LEADER |
01540nam a2200373Ia 4500 |
| 001 |
EBC327903 |
| 003 |
MiAaPQ |
| 005 |
20200520144314.0 |
| 006 |
m o d | |
| 007 |
cr cn||||||||| |
| 008 |
080605s2008 ii sb 000 0 eng d |
| 010 |
|
|
|z 2008307772
|
| 020 |
|
|
|z 9788175965638
|
| 035 |
|
|
|a (MiAaPQ)EBC327903
|
| 035 |
|
|
|a (Au-PeEL)EBL327903
|
| 035 |
|
|
|a (CaPaEBR)ebr10209872
|
| 035 |
|
|
|a (CaONFJC)MIL112794
|
| 035 |
|
|
|a (OCoLC)437196916
|
| 040 |
|
|
|a MiAaPQ
|c MiAaPQ
|d MiAaPQ
|
| 050 |
|
4 |
|a HC425
|b .K56 2008
|
| 245 |
0 |
0 |
|a Knowledge systems and natural resources
|h [electronic resource] :
|b management, policy, and institutions in Nepal /
|c edited by Hemant R. Ojha ... [et al.].
|
| 260 |
|
|
|a New Delhi :
|b Cambridge University Press and the International Development Research Centre,
|c c2008.
|
| 300 |
|
|
|a xii, 173 p.
|
| 504 |
|
|
|a Includes bibliographical references.
|
| 533 |
|
|
|a Electronic reproduction. Ann Arbor, MI : ProQuest, 2015. Available via World Wide Web. Access may be limited to ProQuest affiliated libraries.
|
| 650 |
|
0 |
|a Ethnoscience
|z Nepal.
|
| 650 |
|
0 |
|a Natural resources
|x Government policy
|z Nepal.
|
| 650 |
|
0 |
|a Natural resources
|z Nepal
|x Management
|x Citizen participation.
|
| 650 |
|
0 |
|a Traditional ecological knowledge
|z Nepal.
|
| 655 |
|
4 |
|a Electronic books.
|
| 700 |
1 |
|
|a Ojha, Hemant R.
|
| 710 |
2 |
|
|a International Development Research Centre (Canada)
|
| 710 |
2 |
|
|a ProQuest (Firm)
|
| 856 |
4 |
0 |
|u https://ebookcentral.proquest.com/lib/matrademy/detail.action?docID=327903
|z Click to View
|